Quillota: en los senderos del tiempo
Đã lưu trong:
| Định dạng: | Sách |
|---|---|
| Ngôn ngữ: | Tiếng Tây Ban Nha |
| Được phát hành: |
Quillota
El Observador
2003
|
| Phiên bản: | 1a. ed |
| Những chủ đề: | |
| Các nhãn: |
Thêm thẻ
Không có thẻ, Là người đầu tiên thẻ bản ghi này!
|
MARC
| LEADER | 00000nam a2200000 a 4500 | ||
|---|---|---|---|
| 001 | UCK2247 | ||
| 003 | CL-VaPUC | ||
| 008 | 041229e20031100CL |||||||||||||||||spa|d | ||
| 020 | |a 9562919609 | ||
| 082 | 0 | 4 | |a Ch868 |b QUI |2 21 |
| 245 | 1 | 0 | |a Quillota: en los senderos del tiempo |
| 250 | |a 1a. ed | ||
| 300 | |a 198 p | ||
| 942 | |c BK | ||
| 945 | |d 20041229 00:00:00 |a vberengu | ||
| 260 | |a Quillota |b El Observador |c 2003 | ||
| 650 | 0 | |a Literatura chilena |9 308278 | |
| 650 | 0 | |a Poesías chilenas |9 265280 | |
| 650 | 0 | |a Cuentos chilenos |9 308280 | |
| 583 | |a last modification |c 20041229 00:00:00 |k Rodrigo Vera | ||
| 999 | |c 311836 |d 311834 | ||
| 952 | |0 0 |1 0 |4 0 |6 CH_868_000000000000000_QUI_2003 |7 0 |8 A |9 381508 |a BIBEDU |b BIBEDU |d 2019-11-21 |i 4084411 |o Ch868 QUI 2003 |p 4084411 |r 2019-11-21 |w 2019-11-21 |y BK |k LIT | ||